Statistics for Pennsylvania interstates

Click here to take the quiz!

General Stats

  • This quiz has been taken 104 times
  • The average score is 16 of 24

Answer Stats

Answer% Correct
I-76
93%
I-80
91%
I-95
91%
I-79
85%
I-90
84%
I-81
83%
I-476
77%
I-276
76%
I-78
75%
I-70
73%
I-83
73%
I-99
72%
I-295
71%
I-84
69%
I-376
68%
I-676
64%
I-86
64%
I-495
52%
I-176
49%
I-180
49%
I-279
49%
I-380
48%
I-283
43%
I-579
29%

Score Distribution

Percentile by Number Answered

Percent of People with Each Score

Your Score History

You have not taken this quiz